Recent progress in Negro education / (Record no. 20301)

MARC details
000 -LEADER
fixed length control field 01069cam a22002531a 4500
001 - CONTROL NUMBER
control field e 19000244
003 - CONTROL NUMBER IDENTIFIER
control field DLC
005 - DATE AND TIME OF LATEST TRANSACTION
control field 20260227111210.0
008 - FIXED-LENGTH DATA ELEMENTS--GENERAL INFORMATION
fixed length control field 860124s1919 dcu f000 0 eng c
010 ## - LIBRARY OF CONGRESS CONTROL NUMBER
LC control number e 19000244
035 ## - SYSTEM CONTROL NUMBER
System control number (OCoLC)13058433
040 ## - CATALOGING SOURCE
Original cataloging agency U.S. Off. of Educ. Library
Transcribing agency ABAU
Modifying agency ABAU
-- DLC
050 00 - LIBRARY OF CONGRESS CALL NUMBER
Classification number L111
Item number .A6 1919, no. 27
051 ## - LIBRARY OF CONGRESS COPY, ISSUE, OFFPRINT STATEMENT
Classification number LC2801
Item number .J7
100 1# - MAIN ENTRY--PERSONAL NAME
Personal name Jones, Thomas Jesse,
Dates associated with a name 1873-1950.
245 10 - TITLE STATEMENT
Title Recent progress in Negro education /
Statement of responsibility, etc. by Thomas Jesse Jones.
260 ## - PUBLICATION, DISTRIBUTION, ETC.
Place of publication, distribution, etc. Washington :
Name of publisher, distributor, etc. G.P.O.,
Date of publication, distribution, etc. 1919.
300 ## - PHYSICAL DESCRIPTION
Extent 16 p. ;
Dimensions 23 cm.
490 1# - SERIES STATEMENT
Series statement Bulletin / Department of the Interior, Bureau of Education ;
Volume/sequential designation 1919, no. 27
500 ## - GENERAL NOTE
General note "Advance sheets from the Biennial survey of education in the United States, 1916-1918."
501 ## - WITH NOTE
With note Copy 1 of L111.A6 with: Vocational education, 1919, no. 25 / William T. Bawden. Washington : Govt. Print. Off., 1919. Bound together subsequent to publication.
Institution to which field applies DLC
650 #0 - SUBJECT ADDED ENTRY--TOPICAL TERM
Topical term or geographic name entry element African Americans
General subdivision Education.
830 #0 - SERIES ADDED ENTRY--UNIFORM TITLE
Uniform title Bulletin (United States. Bureau of Education) ;
Volume/sequential designation 1919, no. 27

No items available.

Powered by Koha